Bài tập Toán 8
Sách tiếp sách bài tập toán 8 tập 1. Gồm các bài tập về phương trình và bất phương trình bậc nhất một ẩn trong phần đại số, tam giác đồng dạng, hình lăng trụ đứng, hình chóp đều trong phần hình học. Giúp các em nâng cao kiến thức toán...
Guardat en:
| Autor principal: | |
|---|---|
| Format: | Llibre |
| Idioma: | Undetermined |
| Publicat: |
Hà Nội
Giáo dục
2010
|
| Matèries: | |
| Etiquetes: |
Afegir etiqueta
Sense etiquetes, Sigues el primer a etiquetar aquest registre!
|
| Thư viện lưu trữ: | Trung tâm Học liệu Trường Đại học Cần Thơ |
|---|
| LEADER | 00981nam a2200217Ia 4500 | ||
|---|---|---|---|
| 001 | CTU_158050 | ||
| 008 | 210402s9999 xx 000 0 und d | ||
| 020 | |c 12600 | ||
| 082 | |a 510.712 | ||
| 082 | |b Th121/T.2/L.8 | ||
| 100 | |a Tôn, Thân | ||
| 245 | 0 | |a Bài tập Toán 8 | |
| 245 | 0 | |c Tôn Thân (chủ biên) | |
| 260 | |a Hà Nội | ||
| 260 | |b Giáo dục | ||
| 260 | |c 2010 | ||
| 520 | |a Sách tiếp sách bài tập toán 8 tập 1. Gồm các bài tập về phương trình và bất phương trình bậc nhất một ẩn trong phần đại số, tam giác đồng dạng, hình lăng trụ đứng, hình chóp đều trong phần hình học. Giúp các em nâng cao kiến thức toán học. | ||
| 650 | |a Mathematics | ||
| 650 | |x Study and teaching (Secondary) | ||
| 904 | |i Phan Thị Kim Lan (Bạch Trúc) (Bé Ba) | ||
| 980 | |a Trung tâm Học liệu Trường Đại học Cần Thơ | ||